000 00490cam a2200157 4500
001 X118646
008 020702n2002 000 0 eng u
035 _a(Sirsi) u118646
245 _aWoolf reforms under threat
260 _c2002
490 _aSolicitors' Journal
_v146(17) 3 May 2002, 390(1)
520 _aLaw Society has warned that Woolf reforms are under threat due to poorly resourced court system.
650 _aWOOLF REFORMS
690 _aDispute resolution
_96236
942 _n0
999 _c70654
_d70654